LEADER 00843nam2-22003131i-450- 001 990000191910403321 005 20051010125016.0 035 $a000019191 035 $aFED01000019191 035 $a(Aleph)000019191FED01 035 $a000019191 100 $a20020821d1967----km-y0itay50------ba 101 0 $ager 102 $aDE 105 $ay-------001yy 200 1 $aOptische instrumente 210 $aBerlin$cSpringer-Verlag$d1967 215 $aVIII, 861 p.$cill.$d25 cm 300 $aFrontespizio anche in inglese 461 0$1001000001216$12001$aHandbuch der physik$v29 610 0 $aStrumenti ottici 676 $a681.4 801 0$aIT$bUNINA$gRICA$2UNIMARC 901 $aBK 912 $a990000191910403321 952 $a13 SC IV B 42$b26518$fFINBC 959 $aFINBC 996 $aOptische instrumente$9122596 997 $aUNINA LEADER 01280nam--2200373---450- 001 990003370700203316 005 20100211155409.0 010 $a978-88-422-1673-5 035 $a000337070 035 $aUSA01000337070 035 $a(ALEPH)000337070USA01 035 $a000337070 100 $a20100211d2008----km-y0itay50------ba 101 $aita 102 $aIT 105 $aa---||||001yy 200 1 $aScultura lignea dal Duecento alla fine del Quattrocento$enuovi contributi$fa cura di Vittorio Natale$gschede di Raffaele Casciaro ... [et al.] 210 $aTorino [etc.]$cAllemandi$d2008 215 $a63 p.$cill.$d30 cm 300 $aNell'occh.: Flavio Pozzallo Antiquario 300 $aCatalogo della mostra tenuta a Venaria dal 4 al 12 ottobre 2008 606 0 $aSculture in legno$zSec. 13.-15.$xCataloghi di esposizioni$2BNCF 676 $a731.462 702 1$aNATALE,$bVittorio 702 1$aCASCIARO,$bRaffaele 801 0$aIT$bsalbc$gISBD 912 $a990003370700203316 951 $aXII.2.A. 632$b215776 L.M.$cXII.2.$d00015572 959 $aBK 969 $aUMA 979 $aGIUSY$b90$c20100211$lUSA01$h1549 979 $aGIUSY$b90$c20100211$lUSA01$h1554 996 $aScultura lignea dal Duecento alla fine del Quattrocento$91123415 997 $aUNISA